000 00369nam a22001457a 4500
020 _qPB.
040 _cFIZZA ISHAQ
082 _a004.0684
_bMAR
100 _aJACKT, MARCHEWKA.
_987227
245 _aNFORMATION TECHNOLOGY PROJECT MANAGMNAT /
_cMARCHEWKA JACKT.
250 _a5th ED.
260 _aNEW DEHLI :
_bWILEY,
_c2006.
300 _a341 P. ;
942 _2ddc
_cBK
999 _c587478
_d587478